Formule 1 - Classement pilotes 2021 - Statistiques

Statistiques générales
  • Ce quiz a été pris 439 fois
  • Le résultat moyen est 12 sur 21
Statistiques - réponses
Hint Réponse % Correct
1 Max Verstappen
100%
2 Lewis Hamilton
99%
3 Valtteri Bottas
88%
4 Sergio Perez
87%
5 Carlos Sainz
82%
7 Charles Leclerc
80%
6 Landon Norris
77%
8 Daniel Ricciardo
70%
9 Pierre Gasly
69%
11 Esteban Ocon
63%
10 Fernando Alonso
62%
13 Lance Stroll
49%
12 Sebastien Vettel
49%
14 Yuki Tsunoda
45%
15 George Russell
40%
17 Nicholas Latifi
37%
19 Nikita Mazepin
31%
21 Mick Schumacher
30%
16 Kimi Raikkonen
25%
18 Antonio Giovinazzi
13%
20 Roberto Kubica
13%
Aucun quiz correspondant
Distribution des résultats
% des personnes avec chaque résultat
Percentile par nombre de réponses
Votre historique - résultats
Vous n’avez pas pris ce quiz